Multi-Category Threesomes Quiz Stats

 Plays Quiz Updated Jul 10, 2018

Challenge
Share
Tweet
Embed
Score 0/45 Timer 05:00
1 Play Today
% Correct
Bicycling
99.3%
Swimming
99.2%
Running
99.1%
Cape Town
97.2%
Ford
97.1%
Chrysler
96.8%
General Motors
96.5%
Kurt Cobain
96.1%
Sever
95.9%
Verse
95.7%
Veers
95.6%
French
95.6%
German
95.1%
Dutch
94.9%
Thanksgiving
94.8%
Veterans Day
94.3%
Gold
92.5%
Japan
92.1%
Italy
92.1%
Germany
91.9%
Frankincense
90.7%
Myrrh
90.5%
Invisibility Cloak
90.2%
% Correct
Pretoria
89.8%
Dave Grohl
89.6%
Buttercup
89.1%
Resurrection Stone
88.4%
Janet Wood
88.2%
Duodenum
88.1%
Chrissy Snow
87.8%
Columbus Day
87.6%
Jack Tripper
87.5%
Blossom
87.4%
Elder Wand
86.8%
Ileum
86%
Bubbles
85.9%
Jejunum
81.8%
Bloemfontein
81.4%
Chikorita
81.3%
Ned Nederlander
79.6%
Totodile
77.5%
Krist Novoselic
76%
Cyndaquil
75.9%
Dusty Bottoms
75.7%
Lucky Day
50.3%

You're not logged in!

Compare scores with friends on all Sporcle quizzes.
Join for Free
OR
Log In

You Might Also Like...

Show Comments

Extras

Top Quizzes Today


Score Distribution

Your Account Isn't Verified!

In order to create a playlist on Sporcle, you need to verify the email address you used during registration. Go to your Sporcle Settings to finish the process.

Report this User

Report this user for behavior that violates our Community Guidelines.

Details: